| 000 | 01217nam0a22003251 4500 | ||
|---|---|---|---|
| 001 | RU\INFOCOMM_327\NLR\5000075573 | ||
| 005 | 20260408150349.0 | ||
| 035 | _a(NLR Aleph) 010604763 | ||
| 090 |
_a10549398 _c10549398 |
||
| 100 | _a20130325d1970 u y0rusy50 ca | ||
| 101 | 0 | _aeng | |
| 102 | _aRU | ||
| 105 | _ay z|||| | ||
| 200 | 1 |
_aOn some principles of creating a complex of approximational models of optimization _fV. Pugachov _g[USSR. Acad. of sciences. Central economical mathematical inst. "Modelling of national economy". A symposium] |
|
| 210 |
_aMoscow _aNowosibirsc _d1970 |
||
| 215 |
_a[2], 17 с. _d20 см |
||
| 309 | _aОтпеч. множит. аппаратом | ||
| 606 | 0 |
_aМоделирование в экономике _2nlr_sh1 |
|
| 620 | _aМосква | ||
| 686 |
_aЭ-14 _2rubbk |
||
| 686 |
_aУв611 _2rubbk |
||
| 700 | 1 |
_9z01790 _aPugačev _bV. F. _gVsevolod Fedorovič |
|
| 711 | 1 | 2 |
_8eng _a"Modelling of national economy", symposium _f1970 _eNovosibirsk _7ba _3RU\NLR\AUTH\880637360 _92692763 |
| 790 | 1 |
_9z01700 _aPugachov _bV. _4070 |
|
| 801 | 0 |
_aRU _bINFOCOMM _gPSBO |
|
| 801 | 1 |
_aRU _bInfocomm _c20130325 |
|
| 852 |
_aNLR _jЭк11 Д-4/11 |
||
| 942 | _cBOOK | ||
| 980 | _aNB | ||